000
00228 a2200097 4500
001
30565
100
_a
Saqib
245
_a
Modernization of Muslim Education
260
_a
Lahore
_b
Islamic Books Service
_c
090
_c
20496
_d
20496
942
_a
NUST-CAE
_c
M
_c
11665
999
_c
265638
_d
265638